000 00867nam a2200217 4500
001 174306
003 ES-MaACL
005 20250516063031.0
008 100329s19461947fr |||| | spa d
080 _a327.323.1(460)(091)
080 _a32 Lorenzo, Anselmo
100 1 _aLorenzo, Anselmo,
_d1841-1914
_9240499
245 1 3 _aEl proletariado militante
_b: memorias de un Internacional /
_cAnselmo Lorenzo.
260 _aToulouse :
_bMovimiento Libertario Español, C.N.T. en Francia,
_c1946-1947.
300 _a2 v. ;
_c22 cm.
600 1 4 _aLorenzo, Anselmo,
_d1841-1914
_9240499
610 2 4 _aAsociación Internacional de los Trabajadores (1864-1876).
_bFederación Regional Española.
_91734
710 2 _aMovimiento Libertario Español.
_95775
852 4 _a BA
_jC-57098-99
_z- Donativo Fundación Anselmo Lorenzo
999 _c174306
_d174306